000 00631nam a2200253Ia 4500
003 OSt
005 20221007074931.0
006 a|||||r|||| 00| 0
007 ta
008 221006b |||||||| |||| 00| 0 eng d
024 _a4,476
037 _cTextual
040 _aFLL
_cFLL
_beng
041 _2eng
_aeng
082 _aZ2,5, N7.2
100 _aThakker C.K.
245 0 _aLaw of crimes
250 _a24th
260 _aNew Delhi
_bBharat Law House India
_c1998
300 _a2616p
_ccm.
650 _aLaw of crimes
_9681770
942 _hZ2,5, N7.2
_cTEXL
_2CC
999 _c1154204
_d1154204